[Event "Philadelphia Open"]
[Site "Philadelphia"]
[Date "2012.04.08"]
[Round "8.1"]
[White "Akobian, Varuzhan"]
[Black "Hammer, Jon Ludvig"]
[Result "1/2-1/2"]
[WhiteElo "2621"]
[BlackElo "2606"]
[PlyCount "32"]
[EventDate "2012.04.??"]
[EventType "swiss"]
[EventRounds "9"]
[EventCountry "USA"]
[TimeControl "6000+1355"]
[WhiteClock "0:39:01"]
[BlackClock "1:18:19"]

1. d4 Nf6 2. c4 e6 3. Nf3 d5 4. Nc3 Bb4 5. cxd5 exd5 6. Bg5 h6 7. Bxf6 Qxf6 8.
Qb3 c5 9. a3 Bxc3+ 10. Qxc3 Nd7 11. Qe3+ Qe7 12. Qxe7+ Kxe7 13. dxc5 Nxc5 14.
Nd4 Bd7 15. e3 Rhc8 16. Be2 Ne6 1/2-1/2

[Event "Philadelphia Open"]
[Site "Philadelphia"]
[Date "2012.04.08"]
[Round "8.2"]
[White "Shankland, Samuel L"]
[Black "Erenburg, Sergey"]
[Result "1/2-1/2"]
[WhiteElo "2580"]
[BlackElo "2616"]
[PlyCount "132"]
[EventDate "2012.04.??"]
[EventType "swiss"]
[EventRounds "9"]
[EventCountry "USA"]
[TimeControl "6000+3205"]
[WhiteClock "0:27:10"]
[BlackClock "0:05:11"]

1. d4 d5 2. c4 c6 3. Nc3 Nf6 4. e3 e6 5. Nf3 a6 6. b3 Bb4 7. Bd2 Nbd7 8. Bd3
O-O 9. O-O Bd6 10. Rc1 e5 11. cxd5 cxd5 12. e4 exd4 13. Nxd5 Nxd5 14. exd5 h6
15. Nxd4 Nf6 16. Nf5 Bxf5 17. Bxf5 Ba3 18. Rc4 Qxd5 19. Qc2 Be7 20. Bc3 Rad8
21. Re1 Rfe8 22. Be4 Qb5 23. Bf3 Bd6 24. Rxe8+ Rxe8 25. g3 Nh7 26. h4 Nf8 27.
a4 Qd7 28. Qd3 Qe7 29. Bd5 Ne6 30. Rg4 h5 31. Re4 Bc5 32. Re5 Qf6 33. Rf5 Qg6
34. Qf3 Rc8 35. Bb2 Rc7 36. Be4 Qg4 37. Qxg4 hxg4 38. Rd5 Ba7 39. Rd2 g6 40.
Bf6 Bc5 41. Kg2 Bb4 42. Re2 Be7 43. Bb2 Nc5 44. Bd5 Nd3 45. Ba1 Kf8 46. Bc4 Nc5
47. h5 gxh5 48. Re5 h4 49. gxh4 Bxh4 50. Rf5 b5 51. axb5 axb5 52. Be5 bxc4 53.
Bxc7 Nxb3 54. Rf4 c3 55. Rxg4 Bf6 56. Rc4 Ke7 57. Bf4 Ke6 58. Rc6+ Kf5 59. Be3
Be5 60. Kf3 Nd4+ 61. Bxd4 Bxd4 62. Ke2 Be5 63. Rc4 Bg7 64. f3 Bf6 65. Ke3 Bg5+
66. Kd3 Bd2 1/2-1/2

[Event "Philadelphia Open"]
[Site "Philadelphia"]
[Date "2012.04.08"]
[Round "8.3"]
[White "Gelashvili, Tamaz"]
[Black "Stripunsky, Alexander"]
[Result "1/2-1/2"]
[WhiteElo "2619"]
[BlackElo "2566"]
[PlyCount "132"]
[EventDate "2012.04.??"]
[EventType "swiss"]
[EventRounds "9"]
[EventCountry "USA"]
[TimeControl "5400+2920"]
[WhiteClock "0:21:28"]
[BlackClock "0:32:30"]

1. d4 d5 2. Nf3 c6 3. c4 Nf6 4. Qb3 dxc4 5. Qxc4 Bg4 6. Nbd2 Nbd7 7. g3 Qc7 8.
Bg2 Rd8 9. O-O e5 10. dxe5 Nxe5 11. Nxe5 Qxe5 12. Nf3 Qa5 13. b4 Qxb4 14. Qxb4
Bxb4 15. Rb1 a5 16. a3 Bf5 17. Rb3 Be6 18. Rb1 Bf5 19. Rb2 Bxa3 20. Rxb7 Bxc1
21. Rxc1 O-O 22. Ne5 Rd2 23. Nxc6 Be6 24. Bf3 a4 25. Ra7 Bb3 26. g4 h6 27. h4
Rd7 28. Ra5 Re8 29. g5 hxg5 30. hxg5 Nh7 31. e3 Nf8 32. Nd4 Rde7 33. Bc6 Re5
34. Rcc5 Rxc5 35. Rxc5 Rc8 36. Ra5 Ne6 37. Nxe6 Bxe6 38. Bxa4 Kh7 39. Kh2 g6
40. Kg3 Rc1 41. Re5 Rg1+ 42. Kh2 Rc1 43. Bb5 Kg7 44. Bd3 Rc3 45. Be4 Ra3 46.
Kg3 Rc3 47. Ra5 Rc4 48. Bf3 Rb4 49. Be2 Rb2 50. Ba6 Ra2 51. Rxa2 Bxa2 52. Kf4
Kf8 53. Ke5 Ke7 54. Kd4 Be6 55. Bc4 Bh3 56. e4 Bd7 57. Ke5 Bh3 58. Kf4 Bd7 59.
Be2 Be6 60. Bg4 Bb3 61. Ke5 Ba4 62. Kd4 Bb5 63. e5 Ba4 64. e6 fxe6 65. Ke5 Kf7
66. Bxe6+ Kg7 1/2-1/2

[Event "Philadelphia Open"]
[Site "Philadelphia"]
[Date "2012.04.08"]
[Round "8.4"]
[White "Bachmann, Axel"]
[Black "Kaidanov, Gregory"]
[Result "1/2-1/2"]
[WhiteElo "2556"]
[BlackElo "2598"]
[PlyCount "70"]
[EventDate "2012.04.??"]
[EventType "swiss"]
[EventRounds "9"]
[EventCountry "USA"]
[TimeControl "6000+2070"]
[WhiteClock "0:03:38"]
[BlackClock "0:04:36"]

1. e4 e5 2. Nf3 Nc6 3. Bc4 Bc5 4. c3 Nf6 5. d3 O-O 6. Nbd2 a6 7. Bb3 Ba7 8. h3
d5 9. Qe2 dxe4 10. dxe4 Be6 11. Bxe6 fxe6 12. Nc4 Nh5 13. Bg5 Qe8 14. O-O-O Nf4
15. Bxf4 exf4 16. Nce5 Nxe5 17. Nxe5 Rd8 18. Rxd8 Qxd8 19. Qf3 Qg5 20. Nd3 c5
21. h4 Qd8 22. Ne5 Qc7 23. Qh5 f3 24. Nxf3 Qf4+ 25. Nd2 c4 26. Qe2 Qxf2 27.
Qxc4 Rd8 28. Qxe6+ Kh8 29. Nc4 Be3+ 30. Nxe3 Qxe3+ 31. Kb1 Qd3+ 32. Kc1 Qd2+
33. Kb1 Qd3+ 34. Kc1 Qd2+ 35. Kb1 Qd3+ 1/2-1/2

[Event "Philadelphia Open"]
[Site "Philadelphia"]
[Date "2012.04.08"]
[Round "8.5"]
[White "Gurevich, Dmitry"]
[Black "Panchanathan, Magesh Chandran"]
[Result "0-1"]
[WhiteElo "2466"]
[BlackElo "2557"]
[PlyCount "88"]
[EventDate "2012.04.??"]
[EventType "swiss"]
[EventRounds "9"]
[EventCountry "USA"]

1. d4 Nf6 2. c4 e6 3. Nf3 b6 4. g3 Bb7 5. Bg2 Be7 6. O-O O-O 7. Nc3 Ne4 8. Bd2
Bf6 9. Qc2 Nxd2 10. Qxd2 d6 11. Qc2 g6 12. h4 Nd7 13. e4 Bg7 14. Rad1 e5 15. d5
h6 16. h5 Bf6 17. Bh3 Bc8 18. Kg2 a5 19. Rh1 Kg7 20. Rh2 Bg5 21. Rdh1 Rh8 22.
Nb5 gxh5 23. Nc3 Nf6 24. Bxc8 Rxc8 25. Nh4 Bxh4 26. Rxh4 Rg8 27. Nd1 Kh7 28.
Ne3 Rg5 29. f4 Rg6 30. fxe5 dxe5 31. Rf1 Qd7 32. Rf3 Rcg8 33. c5 Qd8 34. Kh2
bxc5 35. Qxc5 Rxg3 36. Rh3 Rxh3+ 37. Rxh3 Ng4+ 38. Nxg4 hxg4 39. Rh5 Qf6 40.
Rf5 Qh4+ 41. Kg2 Qh3+ 42. Kf2 g3+ 43. Ke2 Qh2+ 44. Kd3 Rg7 0-1

[Event "Philadelphia Open"]
[Site "Philadelphia"]
[Date "2012.04.08"]
[Round "8.6"]
[White "Kekelidze, Mikheil"]
[Black "Kacheishvili, Giorgi"]
[Result "1-0"]
[WhiteElo "2473"]
[BlackElo "2612"]
[PlyCount "51"]
[EventDate "2012.04.??"]
[EventType "swiss"]
[EventRounds "9"]
[EventCountry "USA"]

1. Nf3 c5 2. e4 d6 3. d4 cxd4 4. Qxd4 a6 5. Be3 Bg4 6. Nc3 Nf6 7. e5 Nc6 8. Qa4
b5 9. Bxb5 axb5 10. Qxb5 Qc8 11. exf6 Rb8 12. Qa4 Rb4 13. Qa3 e6 14. fxg7 Bxg7
15. O-O-O Qc7 16. Rd4 Bxf3 17. Rxb4 Nxb4 18. Qxb4 Bxc3 19. bxc3 Bxg2 20. Rd1 d5
21. Qg4 Be4 22. Qg7 Rf8 23. Bh6 Kd7 24. Qxf8 Qxc3 25. Qxf7+ Kd6 26. Qf8+ 1-0

[Event "Philadelphia Open"]
[Site "Philadelphia"]
[Date "2012.04.08"]
[Round "8.9"]
[White "Harmon Vellotti, Luke"]
[Black "Shahade, Gregory"]
[Result "0-1"]
[WhiteElo "2212"]
[BlackElo "2475"]
[PlyCount "88"]
[EventDate "2012.04.??"]
[EventType "swiss"]
[EventRounds "9"]
[EventCountry "USA"]

1. e4 e5 2. Nf3 Nc6 3. Bb5 a6 4. Ba4 Nf6 5. Qe2 b5 6. Bb3 Be7 7. c3 O-O 8. O-O
d5 9. d3 Re8 10. Bg5 Be6 11. Nbd2 h6 12. Bh4 Nh5 13. Bxe7 Qxe7 14. g3 Nf6 15.
Rfd1 Rad8 16. a4 b4 17. a5 bxc3 18. bxc3 Qc5 19. Ba4 Bd7 20. Nb3 Qd6 21. Nfd2
Nb8 22. exd5 Bxa4 23. Rxa4 Qxd5 24. Nc4 Ne4 25. Qc2 Ng5 26. h4 Nf3+ 27. Kf1 e4
28. d4 Qd7 29. Nc5 Qh3+ 30. Ke2 Qg4 31. Kf1 Qh3+ 32. Ke2 Qg4 33. Kf1 f5 34. Ne3
Qh3+ 35. Ke2 Kh8 36. Raa1 f4 37. Nxe4 fxe3 38. Kxf3 exf2 39. Rf1 Rf8+ 40. Ke3
Rde8 41. Kd2 Qg4 42. Rxf2 Rxf2+ 43. Nxf2 Re2+ 44. Kd1 Rxf2+ 0-1

[Event "Philadelphia Open"]
[Site "Philadelphia"]
[Date "2012.04.08"]
[Round "8.11"]
[White "Gerzhoy, Leonid"]
[Black "Morales, Luciana"]
[Result "1-0"]
[WhiteElo "2489"]
[BlackElo "2184"]
[PlyCount "55"]
[EventDate "2012.04.??"]
[EventType "swiss"]
[EventRounds "9"]
[EventCountry "USA"]

1. Nf3 e6 2. c4 Nf6 3. g3 b6 4. Bg2 Bb7 5. O-O Be7 6. Nc3 O-O 7. Re1 Ne4 8.
Nxe4 Bxe4 9. d3 Bb7 10. e4 c5 11. d4 cxd4 12. Nxd4 Nc6 13. Be3 Nxd4 14. Bxd4
Qc7 15. Rc1 e5 16. Be3 Bc6 17. Qd2 a5 18. c5 b5 19. f4 f6 20. f5 d6 21. cxd6
Bxd6 22. Red1 Rfd8 23. Qc2 Ra6 24. a4 Qb7 25. axb5 Bxb5 26. Qb3+ Kf8 27. Bf1
Rb8 28. Bxb5 1-0

[Event "Philadelphia Open"]
[Site "Philadelphia"]
[Date "2012.04.08"]
[Round "8.12"]
[White "Managadze, Nikoloz"]
[Black "Rouleau, John S"]
[Result "0-1"]
[WhiteElo "2475"]
[BlackElo "2290"]
[PlyCount "96"]
[EventDate "2012.04.??"]
[EventType "swiss"]
[EventRounds "9"]
[EventCountry "USA"]

1. d4 e6 2. Nf3 f5 3. b3 c6 4. e3 Nf6 5. Be2 d5 6. O-O Bd6 7. Ba3 Bxa3 8. Nxa3
Qe7 9. Qc1 O-O 10. c4 b6 11. Qb2 a5 12. Rfc1 Ba6 13. Ne5 Nfd7 14. Nd3 Rc8 15.
b4 axb4 16. Nxb4 Bb7 17. cxd5 exd5 18. Bf3 Nf6 19. Nb1 c5 20. Nd3 c4 21. Ne5
Ra6 22. Nc3 Nbd7 23. Nxd7 Qxd7 24. Rab1 Bc6 25. Qc2 Ne8 26. h3 Nc7 27. Rb2 b5
28. Rcb1 Ra3 29. g4 Rf8 30. Ne2 f4 31. Rf1 fxe3 32. fxe3 Rxe3 33. Kg2 Qe7 34.
Ng3 g6 35. Qc1 Qa3 36. Rbf2 Qxc1 37. Rxc1 Ne6 38. Ne2 Ng5 39. Rc3 Rfxf3 40.
Rxf3 Rxe2+ 41. Kf1 Nxf3 42. Kxe2 Nxd4+ 43. Ke3 b4 44. Rc1 Ne6 45. Rb1 d4+ 46.
Kf2 Nf4 47. Kg3 Nd3 48. Rf1 c3 0-1

[Event "Philadelphia Open"]
[Site "Philadelphia"]
[Date "2012.04.08"]
[Round "9.1"]
[White "Shankland, Samuel L"]
[Black "Akobian, Varuzhan"]
[Result "1/2-1/2"]
[WhiteElo "2580"]
[BlackElo "2621"]
[PlyCount "33"]
[EventDate "2012.04.??"]
[EventType "swiss"]
[EventRounds "9"]
[EventCountry "USA"]
[TimeControl "6000+415"]
[WhiteClock "1:19:55"]
[BlackClock "1:22:52"]

1. d4 d5 2. c4 e6 3. Nc3 Be7 4. cxd5 exd5 5. Bf4 c6 6. Qc2 Bd6 7. Bxd6 Qxd6 8.
e3 Qg6 9. Qxg6 hxg6 10. b4 Nf6 11. f3 Be6 12. Bd3 Nbd7 13. Nge2 g5 14. g4 Ke7
15. Kd2 Rh3 16. Ng1 Rh4 17. a4 1/2-1/2

[Event "Philadelphia Open"]
[Site "Philadelphia"]
[Date "2012.04.08"]
[Round "9.2"]
[White "Hammer, Jon Ludvig"]
[Black "Erenburg, Sergey"]
[Result "1/2-1/2"]
[WhiteElo "2606"]
[BlackElo "2616"]
[PlyCount "58"]
[EventDate "2012.04.??"]
[EventType "swiss"]
[EventRounds "9"]
[EventCountry "USA"]
[TimeControl "6000+1000"]
[WhiteClock "0:07:50"]
[BlackClock "0:20:07"]

1. d4 d5 2. c4 c6 3. Nf3 Nf6 4. Nc3 e6 5. e3 Nbd7 6. Bd3 b6 7. O-O Bb7 8. Qe2
Be7 9. Rd1 O-O 10. b3 Qc7 11. Bb2 Rad8 12. Rac1 Qb8 13. e4 dxe4 14. Nxe4 Rfe8
15. c5 Nxe4 16. Qxe4 g6 17. b4 Nf6 18. Qe1 Qf4 19. h3 Nd5 20. Ne5 Bf6 21. g3
Qh6 22. h4 Qf8 23. a4 a6 24. a5 b5 25. Rc2 Bg7 26. Re2 f6 27. Ng4 Bc8 28. Ne3
Qf7 29. f4 f5 1/2-1/2

[Event "Philadelphia Open"]
[Site "Philadelphia"]
[Date "2012.04.08"]
[Round "9.3"]
[White "Panchanathan, Magesh Chandran"]
[Black "Gelashvili, Tamaz"]
[Result "1-0"]
[WhiteElo "2557"]
[BlackElo "2619"]
[PlyCount "143"]
[EventDate "2012.04.??"]
[EventType "swiss"]
[EventRounds "9"]
[EventCountry "USA"]
[TimeControl "6000+1565"]
[WhiteClock "0:05:50"]
[BlackClock "0:39:25"]

1. e4 e5 2. Nf3 d6 3. d4 exd4 4. Nxd4 Nf6 5. Nc3 Be7 6. Be2 O-O 7. O-O Re8 8.
Re1 Bf8 9. Bf1 c6 10. h3 Nbd7 11. Nb3 b5 12. a3 a6 13. Bg5 h6 14. Bf4 Ne5 15.
Nd4 Qc7 16. Bg3 Bd7 17. Kh1 Rad8 18. Qd2 c5 19. Nb3 Qb7 20. Rad1 Qa8 21. Nd5
Nxd5 22. exd5 Qc8 23. Na5 Qc7 24. c4 Rb8 25. f4 Nxc4 26. Nxc4 bxc4 27. Bxc4 Qb6
28. b3 Bb5 29. Rxe8 Rxe8 30. Qd3 Bxc4 31. bxc4 Rb8 32. f5 Qb3 33. Qxb3 Rxb3 34.
Kh2 Be7 35. Re1 Kf8 36. f6 gxf6 37. Bf4 h5 38. Re3 Rb2 39. Rg3 Rc2 40. Bh6+ Ke8
41. Rg8+ Kd7 42. Ra8 Rxc4 43. Ra7+ Ke8 44. Rxa6 Rd4 45. Ra8+ Bd8 46. Bg7 Rf4
47. a4 Kd7 48. a5 Ra4 49. a6 f5 50. Ra7+ Bc7 51. Bf6 f4 52. Kg1 Ra2 53. Kf1 Ra3
54. Ra8 f3 55. gxf3 Rxf3+ 56. Ke2 Ra3 57. h4 Bb6 58. Rf8 Rxa6 59. Rxf7+ Ke8 60.
Re7+ Kf8 61. Rd7 Ba7 62. Kd3 Bb8 63. Ke4 Ra7 64. Rd8+ Kf7 65. Kf5 Rb7 66. Rh8
Rb1 67. Rh7+ Ke8 68. Kg6 c4 69. Re7+ Kf8 70. Rd7 Rg1+ 71. Bg5 Re1 72. Rb7 1-0

[Event "Philadelphia Open"]
[Site "Philadelphia"]
[Date "2012.04.08"]
[Round "9.4"]
[White "Kaidanov, Gregory"]
[Black "Kekelidze, Mikheil"]
[Result "0-1"]
[WhiteElo "2598"]
[BlackElo "2473"]
[PlyCount "66"]
[EventDate "2012.04.??"]
[EventType "swiss"]
[EventRounds "9"]
[EventCountry "USA"]
[TimeControl "6000+1240"]
[WhiteClock "0:01:09"]
[BlackClock "0:01:26"]

1. d4 Nf6 2. c4 Nc6 3. Nf3 e6 4. Nc3 Bb4 5. Qc2 d5 6. e3 O-O 7. a3 Bxc3+ 8.
Qxc3 Ne4 9. Qc2 a5 10. Bd3 f5 11. b3 Bd7 12. O-O Be8 13. cxd5 exd5 14. Bb2 a4
15. bxa4 Rf6 16. Ne5 Nxe5 17. dxe5 Bxa4 18. Qe2 Rh6 19. Rfc1 Qh4 20. h3 Rg6 21.
f3 Qxh3 22. Rxc7 Qg3 23. Rf1 Ng5 24. Bxf5 Rh6 25. Qd2 Bc6 26. f4 Rf8 27. e6 d4
28. e4 Qh2+ 29. Kf2 Nxe6 30. Bxe6+ Rxe6 31. Ke1 Rxe4+ 32. Kd1 Rfxf4 33. Rxf4
Ba4+ 0-1

[Event "Philadelphia Open"]
[Site "Philadelphia"]
[Date "2012.04.08"]
[Round "9.7"]
[White "Naroditsky, Daniel"]
[Black "Kashtanov, Ruslan"]
[Result "1-0"]
[WhiteElo "2479"]
[BlackElo "2361"]
[PlyCount "65"]
[EventDate "2012.04.??"]
[EventType "swiss"]
[EventRounds "9"]
[EventCountry "USA"]

1. e4 e6 2. d3 c5 3. Nf3 Nc6 4. g3 g6 5. Bg2 Bg7 6. O-O Nge7 7. Nbd2 d6 8. Re1
O-O 9. a4 e5 10. Nc4 f5 11. exf5 gxf5 12. Bg5 Be6 13. Qe2 Qd7 14. c3 Ng6 15.
Nh4 Nxh4 16. Bxh4 Rae8 17. Rad1 d5 18. Nd2 f4 19. Bf3 Bf5 20. Qf1 Bg4 21. Bxg4
Qxg4 22. f3 Qd7 23. g4 b6 24. Kh1 Re6 25. Bf2 Na5 26. c4 dxc4 27. dxc4 Qxa4 28.
Qd3 e4 29. Nxe4 Qxc4 30. Qd7 Rfe8 31. Kg2 Be5 32. Ng5 R6e7 33. Rxe5 1-0

[Event "Philadelphia Open"]
[Site "Philadelphia"]
[Date "2012.04.08"]
[Round "9.8"]
[White "Sosa, Rafael Prasca"]
[Black "Coleman, Teddy"]
[Result "1/2-1/2"]
[WhiteElo "2475"]
[BlackElo "2356"]
[PlyCount "42"]
[EventDate "2012.04.??"]
[EventType "swiss"]
[EventRounds "9"]
[EventCountry "USA"]

1. e4 c6 2. d4 d5 3. Nc3 dxe4 4. Nxe4 Nd7 5. Nf3 Ngf6 6. Nxf6+ Nxf6 7. h3 Bf5
8. Be2 e6 9. O-O Be7 10. c4 h6 11. Be3 O-O 12. Bd3 Bxd3 13. Qxd3 a5 14. Rad1 a4
15. Bd2 Qb6 16. Bc3 Rfd8 17. Rfe1 Bb4 18. c5 Qa5 19. a3 Bxc3 20. bxc3 Nd7 21.
Ne5 Nxe5 1/2-1/2

[Event "Philadelphia Open"]
[Site "Philadelphia"]
[Date "2012.04.08"]
[Round "9.10"]
[White "Homa, Seth"]
[Black "Sarkar, Justin"]
[Result "1/2-1/2"]
[WhiteElo "2306"]
[BlackElo "2391"]
[PlyCount "187"]
[EventDate "2012.04.??"]
[EventType "swiss"]
[EventRounds "9"]
[EventCountry "USA"]

1. e4 c6 2. d4 d5 3. Nc3 dxe4 4. Nxe4 Bf5 5. Ng3 Bg6 6. h4 h6 7. Nf3 e6 8. Ne5
Bh7 9. Bd3 Bxd3 10. Qxd3 Nd7 11. f4 Bb4+ 12. c3 Bd6 13. Qe2 Ne7 14. Ne4 Bc7 15.
Bd2 Nf6 16. Nc5 b6 17. Ncd3 h5 18. O-O-O Qd5 19. Rde1 Qxa2 20. Nb4 Qb3 21. Rh3
Nf5 22. Qa6 Bxe5 23. dxe5 Nd5 24. Nxc6 O-O 25. c4 Nc7 26. Qb7 Qxc4+ 27. Rc3 Qd5
28. Qxc7 Rfc8 29. Ne7+ Nxe7 30. Qxe7 Rxc3+ 31. Bxc3 Qxg2 32. Qg5 Qf3 33. f5
Qxf5 34. Qxf5 exf5 35. Kd2 a5 36. Kd3 b5 37. Ra1 Rd8+ 38. Ke3 a4 39. Kf4 b4 40.
Be1 a3 41. bxa3 bxa3 42. Kxf5 Ra8 43. Kg5 a2 44. Kxh5 Ra4 45. Bg3 Kf8 46. Kg5
Ke7 47. Be1 Ke6 48. Bc3 Ra3 49. Bb2 Ra5 50. h5 Ra4 51. h6 gxh6+ 52. Kxh6 Ra7
53. Kh5 Kd5 54. Kg5 Kc4 55. Rc1+ Kb3 56. Ba1 Rb7 57. Kf4 Ka3 58. Ke3 Rb1 59.
Kd2 Kb3 60. Kd1 Ka3 61. Kc2 Rb7 62. Rf1 Rc7+ 63. Bc3 Rc8 64. Kd3 Kb3 65. Bd4
Rd8 66. Ke4 Rd7 67. Rf3+ Kc4 68. Rc3+ Kb4 69. Rc1 Kb3 70. Ba1 Ka3 71. Ke3 Kb3
72. Rc3+ Kb4 73. Rd3 Rb7 74. Kd2 Ka4 75. Kc2 Rb1 76. Rd1 Rb7 77. Rd4+ Ka3 78.
Rd3+ Ka4 79. Bc3 Ra7 80. Rd5 Ka3 81. Rb5 Ka4 82. Rc5 Ra6 83. Rc4+ Kb5 84. Rc7
a1=R 85. Bxa1 Rxa1 86. Kd3 Rf1 87. Kd4 Kb6 88. Rc2 Rd1+ 89. Ke4 Re1+ 90. Kf5
Rf1+ 91. Kg5 Re1 92. Kf6 Rf1+ 93. Ke7 Re1 94. Kf6 1/2-1/2

[Event "Philadelphia Open"]
[Site "Philadelphia"]
[Date "2012.04.08"]
[Round "9.11"]
[White "Rouleau, John S"]
[Black "Kacheishvili, Giorgi"]
[Result "0-1"]
[WhiteElo "2290"]
[BlackElo "2612"]
[PlyCount "56"]
[EventDate "2012.04.??"]
[EventType "swiss"]
[EventRounds "9"]
[EventCountry "USA"]

1. e4 c6 2. d4 d5 3. Nc3 dxe4 4. Nxe4 Bf5 5. Ng3 Bg6 6. h4 h6 7. N1e2 Nf6 8.
Nf4 Bh7 9. Bc4 e6 10. Qe2 Bd6 11. Nfh5 Nxh5 12. Nxh5 Rg8 13. Bf4 Bxf4 14. Nxf4
Qa5+ 15. c3 Nd7 16. b4 Qc7 17. g3 O-O-O 18. O-O g5 19. hxg5 Rxg5 20. Ng2 Rdg8
21. Bd3 Bxd3 22. Qxd3 h5 23. Rfd1 h4 24. Nxh4 Rxg3+ 25. fxg3 Rxg3+ 26. Kf2 Rxd3
27. Rxd3 Qf4+ 28. Nf3 e5 0-1

[Event "Philadelphia Open"]
[Site "Philadelphia"]
[Date "2012.04.08"]
[Round "9.23"]
[White "Betaneli, Aleksandr"]
[Black "Vibbert, Sean"]
[Result "0-1"]
[WhiteElo "2263"]
[BlackElo "2180"]
[PlyCount "112"]
[EventDate "2012.04.??"]
[EventType "swiss"]
[EventRounds "9"]
[EventCountry "USA"]

1. d4 d5 2. Nf3 Nf6 3. c4 e6 4. Nc3 Nbd7 5. cxd5 exd5 6. Bf4 c6 7. e3 Be7 8.
Bd3 O-O 9. h3 a5 10. O-O Re8 11. Rc1 Nf8 12. Ne5 Ne6 13. Bh2 Ng5 14. Qc2 Bd6
15. f3 Bxe5 16. dxe5 d4 17. exf6 dxc3 18. h4 Rxe3 19. Rce1 Rxe1 20. Rxe1 Qd4+
21. Kh1 Ne6 22. fxg7 Qxh4 23. Re4 Qh6 24. Qxc3 Nxg7 25. g3 Bf5 26. Rh4 Qg5 27.
Bxf5 Qxf5 28. Rg4 f6 29. Rf4 Qe5 30. Qb3+ Qd5 31. Rxf6 Qxb3 32. axb3 Rd8 33. g4
Rd1+ 34. Kg2 Ne8 35. Rf5 Rd2+ 36. Kh3 Rxb2 37. Re5 Kf7 38. Rf5+ Kg6 39. Rxa5
Rxb3 40. Re5 Nf6 41. Kg2 Nd5 42. Bg1 Rd3 43. Kg3 Nf6 44. Be3 b5 45. Kf2 Nd5 46.
Bc5 b4 47. Re6+ Kf7 48. Rh6 Rd2+ 49. Ke1 Rc2 50. Bd4 Kg8 51. Rd6 b3 52. Rd8+
Kf7 53. Rb8 c5 54. Bxc5 b2 55. Rb7+ Ke8 56. Bd4 Rc1+ 0-1